El manejo de sentimientos en mi vida profesional y personal /

Na minha lista:
Detalhes bibliográficos
Autor principal: Hermosillo Okhuysen, María Susana Margarita (autor)
Formato: Tesis Livro
Idioma:espanhol
Assuntos:
Tags: Adicionar Tag
Sem tags, seja o primeiro a adicionar uma tag!

MARC

LEADER 00000nam^a2200000^a^4500
001 000142075
005 20250521000000.0
009 20260310095636.049
037 |a Acervo ITESO - Biblioteca 
041 |a ESP 
090 |a PSI. 540 
100 |a Hermosillo Okhuysen, María Susana Margarita  |e (autor) 
245 1 3 |a El manejo de sentimientos en mi vida profesional y personal /  |c M.S.M. Hermosillo Okhysen. 
264 |a Guadalajara, México :  |b edición de autor,  |c 2002 
300 |a 26 p. 
336 |a texto  |b txt  |2 rdacontenido 
337 |a sin mediación  |b n  |2 rdamedio 
338 |a volumen  |b nc  |2 rdasoporte 
502 |a ITESO Reporte de Posgrado para Licenciatura en Psicología 
649 |a XX 
650 |a Sentimientos 
650 |a Manejo de Sentimientos 
650 |a Emoción 
650 |a Comunicación Personal 
650 |a Comunicación Intrapersonal 
650 |a Superación Personal y Autoayuda 
650 |a Humanismo 
650 |a Terapia Centrada en la Persona 
650 |a Psicología 
910 |a Fondo General 
920 |a Impresos - Tesis del ITESO 
930 |a Colección General 
905 |a 104 
901 |a 0500070782  |b IT2  |c TSS  |u 20250521 
902 |a https://opac.biblio.iteso.mx/vufind/Record/000142075